000 00901nam0a2200301 4500
001 RU\NLR\BIBL_A\012653401
005 20250624103529.0
010 _95100
035 _a(NLR Aleph) 012653401
090 _a13306250
_c13306250
100 _a20211129d1932 |||y0rusy50 ca
101 0 _achv
102 _aRU
105 _aa z 000 y
181 0 _ai
_baxxe
182 0 _an
200 1 _aШатраллӑ тиф чирӗ ҫинчен
_fЕ. Маккарӑв
203 _aТекст
_bвизуальный
_cнепосредственный
210 _aШупашкар
_cЧӑвашсен патшалах ист-ви
_d1932
215 _d16
_a15,[1] с.
_cил.
300 _aОписано по обл.
541 1 _aСыпной тиф
_zrus
686 1 _aР514.42
700 1 _aМакаров
_bЕ.
_4070
852 _aNLR
_bОНЛ
_jЧув./2-2170
942 _cBOOK
980 _aNB